| 000 | 01604nam0a2200373 4500 | ||
|---|---|---|---|
| 001 | RU\NLR\BIBL_A\022338689 | ||
| 005 | 20260420015158.0 | ||
| 010 |
_a978-5-6051541-0-5 _91000 |
||
| 021 |
_aRU _bКН-П-24-048897 _9КН-П-24-4859 |
||
| 035 | _a(NLR Aleph) 022338689 | ||
| 090 |
_a13666119 _c13666119 |
||
| 100 | _a20241002d2024 u y0rusy50 ca | ||
| 101 | 0 | _arus | |
| 102 | _aRU | ||
| 105 | _aa z 000yd | ||
| 181 | 0 |
_ai3 _baxxe |
|
| 182 | 0 | _an | |
| 200 | 1 |
_aСвятые покровители музыкантов _fдиакон Вячеслав Пономарев, протоиерей Алексей Круглик |
|
| 203 |
_aТекст _bвизуальный _cнепосредственный |
||
| 210 |
_aМосква _cХрам преподобного Пимена Великого в Новых Воротниках _d2024 |
||
| 215 |
_a238 с. _cцв. ил. _d21 |
||
| 300 | _aНа обл. авт. не указаны | ||
| 320 | _aБиблиогр.: с. 234-237 (27 назв.) и в подстроч. примеч. | ||
| 606 | 1 |
_aСвятые христианские _9945280 _3RU\NLR\AUTH\6631860 |
|
| 606 | 1 |
_aХристианство и музыка _92575375 _3RU\NLR\AUTH\6601733793 |
|
| 686 | 1 | _aЭ37-103.74 | |
| 686 | 2 | _aЭ37-574 | |
| 700 | 1 |
_7ca _8rus _aПономарев _bВ. М. _cредактор издательства _f1967- _gВячеслав М. _978923 _3RU\NLR\AUTH\7795997 |
|
| 701 | 1 |
_aКруглик _bА. _gАлексий |
|
| 942 | _cBOOK | ||
| 980 | _aNB | ||